[Event "Valby K41 op 0607"]
[Site "Valby"]
[Date "2007.02.06"]
[Round "7"]
[White "Olsen, Joe Flyckt"]
[Black "Nielsen, John Holm"]
[Result "0-1"]
[WhiteElo "1712"]
[BlackElo "1971"]
[PlyCount "36"]
[EventDate "2006.11.14"]
[EventType "swiss"]
[EventRounds "9"]
[EventCountry "DEN"]
[SourceTitle "EXT 2018"]
[Source "ChessBase"]
[SourceDate "2017.10.13"]
[SourceVersion "1"]
[SourceVersionDate "2017.10.13"]
[SourceQuality "1"]

1. Nf3 d5 2. c4 c6 3. cxd5 cxd5 4. d4 Nf6 5. Nc3 Nc6 6. Bf4 e6 7. a3 Be7 8. b4 0-0 9. e3 Bd7 10. h3 Rc8 11. Qb3 a5 12. b5 a4 13. Nxa4 Qa5+ 14. Nd2 Ne4 15. Rd1 Na7 16. Nb2 Nxb5 17. f3 Bh4+ 18. g3 Nxg3 0-1